书目信息 |
| 题名: |
多媒体通信技术及应用研究
|
|
| 作者: | 马少斌 , 梁晔 主编 | |
| 分册: | ||
| 出版信息: | 北京 中国水利水电出版社 2014 |
|
| 页数: | 431页 | |
| 开本: | 26cm | |
| 丛书名: | ||
| 单 册: | ||
| 中图分类: | TN919.8 | |
| 科图分类: | ||
| 主题词: | 多媒体通信 | |
| 电子资源: | ||
| ISBN: | 978-7-5170-1983-1 | |
| 000 | 00956nam0 2200241 450 | |
| 001 | 012015000575 | |
| 005 | 20150914104737.12 | |
| 010 | @a978-7-5170-1983-1@dCNY89.00 | |
| 100 | @a20141209d2014 em y0chiy50 ea | |
| 101 | 0 | @achi |
| 102 | @aCN@b110000 | |
| 105 | @ay z 000yy | |
| 106 | @ar | |
| 200 | 1 | @a多媒体通信技术及应用研究@Aduo mei ti tong xin ji shu ji ying yong yan jiu@f马少斌,梁晔主编 |
| 210 | @a北京@c中国水利水电出版社@d2014 | |
| 215 | @a431页@d26cm | |
| 330 | @a本书对多媒体通信技术的基本概念、技术及应用做了全面的介绍。全书共13章,在介绍多媒体通信技术相关概念的基础上,重点对多媒体通信中的信息处理技术、通信网络、同步技术、通信终端以及流媒体技术做了比较系统的阐述,最后对一些典型的多媒体通信应用系统做了分析和探讨。 | |
| 606 | 0 | @a多媒体通信 |
| 690 | @aTN919.8@v5 | |
| 701 | 0 | @a马少斌@Ama shao bin@f(1969-)@4主编 |
| 701 | 0 | @a梁晔@Aliang ye@f(1983-)@4主编 |
| 801 | 0 | @aCN@b碧洲教育@c20150718 |
| 905 | @a10447@f4@dTN919.8@e114 | |
| 多媒体通信技术及应用研究/马少斌,梁晔主编.-北京:中国水利水电出版社,2014 |
| 431页;26cm |
| ISBN 978-7-5170-1983-1:CNY89.00 |
| 本书对多媒体通信技术的基本概念、技术及应用做了全面的介绍。全书共13章,在介绍多媒体通信技术相关概念的基础上,重点对多媒体通信中的信息处理技术、通信网络、同步技术、通信终端以及流媒体技术做了比较系统的阐述,最后对一些典型的多媒体通信应用系统做了分析和探讨。 |
| ● |
| 相关链接 |
|
|
|
|
正题名:多媒体通信技术及应用研究
索取号:TN919.8/114
 
预约/预借
| 序号 | 登录号 | 条形码 | 馆藏地/架位号 | 状态 | 备注 |
| 1 | 0848851 | 208488518 | 第二样本阅览室/ [索取号:TN919.8/114] | 在馆 | |
| 2 | 0848852 | 208488527 | 密集书库—计算机科学学院/ [索取号:TN919.8/114] | 在馆 | |
| 3 | 0848853 | 208488536 | 第三借阅区/ [索取号:TN919.8/114] | 在馆 | |
| 4 | 0848854 | 208488545 | 第三借阅区/ [索取号:TN919.8/114] | 在馆 |